Statistics for The Simpsons Actors + Characters

Click here to take the quiz!

General Stats

  • This quiz has been taken 22 times
  • The average score is 15 of 32

Answer Stats

Answer% Correct
Bart Simpson
88%
Homer Simpson
82%
Nancy Cartwright
76%
Marge Simpson
71%
Moe Szyslak
71%
Yeardley Smith
71%
Hank Azaria
65%
Julie Kavner
65%
Lisa Simpson
65%
Charles Montgomery Burns
59%
Harry Shearer
59%
Dan Castellaneta
53%
Krusty the Clown
53%
Maggie Simpson
53%
Patty Bouvier
53%
Selma Bouvier
53%
Milhouse Van Houten
47%
Seymour Skinner
47%
Abe Simpson
41%
Apu Nahasapeemapetilon
41%
Clancy Wiggum
41%
Ned Flanders
41%
Nelson Muntz
41%
Ralph Wiggum
41%
Waylon Smithers
41%
Barney Gumble
29%
Todd Flanders
24%
Gary Chalmers
18%
Groundskeeper Willie
18%
Carl Carlson
6%
Lenny Leonard
6%
Timothy Lovejoy
0%

Score Distribution

Percentile by Number Answered

Percent of People with Each Score

Your Score History

You have not taken this quiz